| 000 | 00624nam a22001937a 4500 | ||
|---|---|---|---|
| 005 | 20170721144921.0 | ||
| 010 | _aENG-119277 | ||
| 020 |
_a9788180642210 _c200.00 |
||
| 035 | _aEN-102809 | ||
| 037 | _bDBAD/PUB | ||
| 082 | _a320.8095415 | ||
| 100 | _aChakarbarti,Radharaman | ||
| 245 |
_aUnderstanding international relations theoretically / _cby Radharaman Chakarbarti |
||
| 260 |
_bProgressive Publishers _aKolkata _c2016 |
||
| 270 |
_a37A,College Street _bKolkata _e700073 |
||
| 300 |
_a303p. : _c22cm (pbk) _bill. |
||
| 500 | _aIncludes references and index | ||
| 942 |
_2ddc _cEN _h320.8095415 _mCHA |
||
| 999 |
_c142773 _d142773 |
||